Popular Booktok Books - Statistics

General Stats
  • This quiz has been taken 20 times
  • The average score is 10 of 15
Answer Stats
Hint Answer % Correct
It ends with us Colleen Hoover
84%
The Cruel Prince Holly Black
84%
Twisted love Ana Huang
79%
Powerless Lauren Roberts
79%
A Court of thorns and Roses Sarah J Maas
79%
Fourth wing Rebecca Yarros
74%
People we meet on vacation Emily Henry
68%
Love hypothesis Ali Hazelwood
63%
A good girls guideto murder Holly Jackson
63%
The Inheritance Games Jennifer LynnBarnes
63%
Once Upon A Broken Heart Stephanie Garber
63%
Shatter me Tahereh Mafi
58%
The song of Achillies Madelline Miller
47%
The Seven husbands of Evelyn Hugo Taylor Jenkins Reid
42%
We were liars E. Lockhart
26%
No matching quizzes found
Score Distribution
Percent of People with Each Score
Percentile by Number Answered
Your Score History
You have not taken this quiz